000 01845nam a2200505 i 4500
001 25564
003 KOSZ 005
005 20220117143753.0
008 070805s1971 pl a f 000 0 pol
015 _aPB 1972/452
040 _aWA N
_cWA N
_dKOSZ 005/RW
041 0 _apol
_beng
_brus
046 _k1971
080 _a556.5
080 _a532
080 _a668.8
100 1 _aOleszkiewicz, Jan A.
_eAutor
245 1 0 _aPomiary hydrologiczne z użyciem substancji wskaźnikowych /
_cJan Oleszkiewicz, Ignacy Urbański.
260 _aWarszawa :
_bInstytut Gospodarki Wodnej,
_c1971.
300 _a31 stron :
_bilustracje ;
_c23 cm.
336 _aTekst
_btxt
_2rdacontent
337 _aBez urządzenia pośredniczącego
_bn
_2rdamedia
338 _aWolumin
_bnc
_2rdacarrier
380 _aKsiążki
380 _aPublikacje naukowe
388 _a1901-2000
490 1 _aMateriały Badawcze / Instytut Gospodarki Wodnej. Ochrona Wód przed Zanieczyszczeniem ;
_vnr 3.
500 _aNumeracja serii głównej: nr 4.
504 _aBibliografia na stronach 23-25.
546 _aStreszczenie w języku angielskim, rosyjskim.
650 4 _aBarwniki
650 4 _aHydrologia
650 4 _aPomiary
650 4 _aMetody badawcze
650 4 _aPrzepływ
650 4 _aRzeki
658 _aOchrona środowiska
658 _aInżynieria i technika
700 1 _aUrbański, Ignacy
_eAutor
710 2 _aInstytut Gospodarki Wodnej
_4pbl.
830 0 _aMateriały Badawcze - Instytut Gospodarki Wodnej
_vnr 4
830 0 _aMateriały Badawcze - Instytut Gospodarki Wodnej.
_pOchrona Wód przed Zanieczyszczeniem
_vnr 3
856 _uhttp://koha.tu.koszalin.pl/cgi-bin/koha/opac-detail.pl?biblionumber=25564
_yKatalog online BPK
942 _2UKD
_cKS
999 _c25564
_d25564